| 000 | 00416nam a22001577a 4500 | ||
|---|---|---|---|
| 005 | 20251108171231.0 | ||
| 008 | 250721s1988 xx 000 0 ara d | ||
| 082 | 1 | 4 | _a615.89/ودي |
| 100 | 1 | _aجبر، وديع | |
| 245 | 1 | 0 | _aالعلاج بالنبات / |
| 264 | 1 |
_aبيروت : _bدار الجيل، _c1988. |
|
| 300 | _a640ص | ||
| 650 | 1 | 7 | _aالعلاج الشعبي |
| 942 |
_2ddc _cBK |
||
| 999 |
_c60034 _d60034 |
||